| 000 | 00945nam a2200217 i 4500 | ||
|---|---|---|---|
| 001 | 151907 | ||
| 003 | ES-MaACL | ||
| 005 | 20230906204436.0 | ||
| 008 | 170419s1911 sp |||| | spa d | ||
| 100 | 1 |
_aPfaundler, Meinhard von. _991623 |
|
| 245 | 1 | 0 |
_aEnfermedades de los niños / _cpor Meinhard Pfaundler y Ernst Moro. Doctrinas mas modernas sobre la patología y terapeútica de los trastornos digestivos en la edad de la lactancia / por Meinhard Pfaundler ; versión española de Laureano Lotero Fernández. |
| 260 |
_aMadrid : _bSaturnino Calleja, _c1911. |
||
| 300 |
_a141 p., [1] h. pleg. ; _c22 cm. |
||
| 490 | 1 |
_aAnuario de ciencias médicas. Primera serie ; _v6 |
|
| 650 | 0 | 4 |
_aNiños- _xEnfermedades. _915546 |
| 700 | 1 |
_aMoro, Ernst. _9162401 |
|
| 700 | 1 |
_aLotero Fernández, Laureano. _9162402 |
|
| 830 | 0 |
_aAnuario de ciencias médicas. Primera serie ; _v6 _9182797 |
|
| 852 |
_aES-MaACL _jB-11072 |
||
| 999 |
_c151907 _d151907 |
||